La politique stoïcienne (notice n° 2184435)

détails MARC
000 -LEADER
fixed length control field 01263cam a2200133 4500500
005 - DATE AND TIME OF LATEST TRANSACTION
control field 20260405052325.0
041 ## - LANGUAGE CODE
Language code of text/sound track or separate title fre
042 ## - AUTHENTICATION CODE
Authentication code dc
100 10 - MAIN ENTRY--PERSONAL NAME
Personal name Laurand, Valéry
Relator term author
245 00 - TITLE STATEMENT
Title La politique stoïcienne
260 ## - PUBLICATION, DISTRIBUTION, ETC.
Name of publisher, distributor, etc. Presses Universitaires de France,<br/>
Date of publication, distribution, etc. 2005.<br/>
520 ## - SUMMARY, ETC.
Summary, etc. Le sage peut-il participer à la vie politique&amp;#8239;? Chrusippe interrogé aurait répondu que «si l’on administre des choses de mauvaise qualité on est désagréable aux dieux, si l’on administre les choses de bonne qualité on sera désagréable aux citoyens». Cela montre les hésitations et tensions que l’on peut mettre à jour dans la philosophie politique stoïcienne. Celle-ci a trop souvent été confondue, par la critique moderne,avec l’éthique. Il s’agit donc de retourner aux sources pour dessiner les cadres de la pensée politique des stoïciens et découvrir la bonne articulation entrela loi naturelle, celle de la raison divine à l’œuvre dans le monde et la loi positive, celle de la cité, qui doit composer avec les limites des «insensés» que sont les hommes au pouvoir et les spécificités d’un peuple.
856 41 - ELECTRONIC LOCATION AND ACCESS
Uniform Resource Identifier <a href="https://shs.cairn.info/la-politique-stoicienne--9782130541509?lang=fr&redirect-ssocas=7080">https://shs.cairn.info/la-politique-stoicienne--9782130541509?lang=fr&redirect-ssocas=7080</a>

Pas d'exemplaire disponible.

PLUDOC

PLUDOC est la plateforme unique et centralisée de gestion des bibliothèques physiques et numériques de Guinée administré par le CEDUST. Elle est la plus grande base de données de ressources documentaires pour les Étudiants, Enseignants chercheurs et Chercheurs de Guinée.

Adresse

627 919 101/664 919 101

25 boulevard du commerce
Kaloum, Conakry, Guinée

Réseaux sociaux

Powered by Netsen Group @ 2025